Flagi powiatów w Opolskiem - Statystyki

Ogólne statystyki
  • Ten quiz został rozwiązany 35 razy
  • Średni wynik to 8 z 12
Statystyki odpowiedzi
Obrazkowy Odpowiedź % Poprawnych
Opole
89%
Brzeski
74%
Kędzierzyńsko-kozielski
74%
Opolski
70%
Głubczycki
67%
Nyski
63%
Strzelecki
63%
Krapkowicki
59%
Namysłowski
59%
Oleski
59%
Prudnicki
59%
Kluczborski
56%
Nie znaleziono quizów pasujących do podanych kryteriów
Rozkład punktacji
Procent ludzi z każdym wynikiem
Percentyl według liczby udzielonych odpowiedzi
Twoja historia wyników
Nie rozwiązałeś tego quizu